African Capital Match Quiz Stats

 Plays Quiz Updated Apr 18, 2019

Support Sporcle.
Go Orange.
Score 0/54 Timer 05:00
54 Plays Today
% Correct
Cairo
86.1%
Algiers
84.2%
Tunis
83.3%
Djibouti
82.2%
Pretoria
80.4%
Nairobi
80.3%
Addis Ababa
79.4%
Tripoli
78.4%
São Tomé
78.1%
Rabat
76.5%
Bissau
75.1%
Mogadishu
71.6%
Antananarivo
70.9%
Khartoum
70.6%
Accra
70.2%
Dakar
67.7%
Freetown
66.5%
Abuja
66.1%
Harare
65.2%
Windhoek
64.2%
Juba
63.1%
Ouagadougou
62.7%
Kinshasa
62.6%
Kampala
62.6%
Victoria
60.9%
Kigali
60.5%
Brazzaville
60.3%
% Correct
Luanda
59.9%
Monrovia
59.6%
Asmara
59.3%
Lomé
59%
N'Djamena
58.5%
Yaoundé
56.1%
Dodoma
55.1%
Yamoussoukro
54.8%
Niamey
54.4%
Gaborone
54.3%
Lilongwe
53.8%
Praia
52.9%
Port Louis
52.8%
Maputo
52.5%
Gitega
52.5%
Conakry
52.2%
Bamako
51.2%
Porto-Novo
50.1%
Mbabane
49.1%
Lusaka
49%
Nouakchott
48.1%
Moroni
47.8%
Bangui
47.3%
Banjul
46.7%
Maseru
45.6%
Libreville
44.9%
Malabo
38.4%

You're not logged in!

Compare scores with friends on all Sporcle quizzes.
OR
Log In

From the Vault

Regions of France

by 1447

This is all well and good, but what's the best place to buy a croissant?
Remove Ads.
Support Sporcle.
Get the best of Sporcle when you Go Orange. This ad-free experience offers more features, more stats, and more fun while also helping to support Sporcle. Thank you for becoming a member.

Show Comments

Extras

Top Quizzes Today


Score Distribution

Your Account Isn't Verified!

In order to create a playlist on Sporcle, you need to verify the email address you used during registration. Go to your Sporcle Settings to finish the process.

Report this User

Report this user for behavior that violates our Community Guidelines.

Details: